Indian States - Sudden Death - Statistics

General Stats
  • This quiz has been taken 1,748 times
  • The average score is 7 of 28
Answers on the Grid
Answers color-coded by a green-red scale on the quiz's grid according to % correct below.
Andhra Pradesh
Arunachal Pradesh
Assam
Badakhshan
Balochistan
Barisal
Bihar
Chandigarh
Chhattisgarh
Delhi
Gandaki
Ghazni
Gilgit-Baltistan
Goa
Gujarat
Haryana
Helmand
Himachal Pradesh
Jammu and Kashmir
Jharkhand
Kachin
Karnali
Karnataka
Kerala
Khyber Pakhtunkhwa
Koshi
Ladakh
Lakshadweep
Madhesh
Madhya Pradesh
Maharashtra
Manipur
Meghalaya
Mizoram
Nagaland
Odisha
Puducherry
Punjab
Rajasthan
Rajshahi
Rakhine
Rangpur
Sabaragamuwa
Sagain
Sikkim
Sindh
Tamil Nadu
Telangana
Tripura
Uttar Pradesh
Uttarakhand
West Bengal
 
Answer Stats
Answer % Correct
Andhra Pradesh
90%
Assam
73%
Arunachal Pradesh
71%
Bihar
61%
Chhattisgarh
41%
Gujarat
36%
Goa
31%
Himachal Pradesh
25%
Haryana
22%
Meghalaya
21%
Uttar Pradesh
21%
Punjab
20%
Madhya Pradesh
18%
Sikkim
18%
Jharkhand
16%
Kerala
16%
Mizoram
15%
Tamil Nadu
15%
Tripura
15%
Rajasthan
14%
West Bengal
14%
Karnataka
13%
Maharashtra
13%
Manipur
13%
Nagaland
13%
Odisha
13%
Telangana
12%
Uttarakhand
12%
No matching quizzes found
Score Distribution
Percent of People with Each Score
Percentile by Number Answered
Your Score History
You have not taken this quiz